书目信息 |
| 题名: |
新版标准日本语复习练习一册通
|
|
| 作者: | 南海 著 | |
| 分册: | 上 初级 | |
| 出版信息: | 上海 上海世界图书出版公司 2008.08 |
|
| 页数: | 271页 | |
| 开本: | 21cm | |
| 丛书名: | ||
| 单 册: | ||
| 中图分类: | H369.6 | |
| 科图分类: | ||
| 主题词: | 日语--ri yu--习题 | |
| 电子资源: | ||
| ISBN: | 978-7-5062-9723-3 | |
| 000 | 00826nam0 2200229 450 | |
| 001 | 012009492321 | |
| 005 | 20090811091936.15 | |
| 010 | @a978-7-5062-9723-3@dCNY19.80 | |
| 100 | @a20090811d2008 em y0chiy0120 ea | |
| 101 | 0 | @achi@ajpn |
| 102 | @aCN@b310000 | |
| 105 | @ay z 000yy | |
| 106 | @ar | |
| 200 | 1 | @a新版标准日本语复习练习一册通@Axin ban biao zhun ri ben yu fu xi lian xi yi ce tong@i初级@h上@f南海著@Fnan hai zhu |
| 210 | @a上海@c上海世界图书出版公司@d2008.08 | |
| 215 | @a271页@d21cm | |
| 330 | @a本书的编写上力求实用,突出重点。通过对应每一课的练习以及每4课的一个单元练习做到让学生系统、全面地复习初级日语中的基本句型、语法及词汇等多个知识点。 | |
| 606 | 0 | @a日语@Ari yu@j习题 |
| 690 | @aH369.6@v4 | |
| 701 | 0 | @a南海@Anan hai@4著 |
| 801 | 0 | @aCN@bQSSK@c20090811 |
| 905 | @b750864-66@dH369.6@eN083:1@f3 | |
| 新版标准日本语复习练习一册通.初级.上/南海著.-上海:上海世界图书出版公司,2008.08 |
| 271页;21cm |
| ISBN 978-7-5062-9723-3:CNY19.80 |
| 本书的编写上力求实用,突出重点。通过对应每一课的练习以及每4课的一个单元练习做到让学生系统、全面地复习初级日语中的基本句型、语法及词汇等多个知识点。 |
| ● |
| 相关链接 |
|
|
|
正题名:新版标准日本语复习练习一册通
索取号:H369.6/N083:1
 
预约/预借
| 序号 | 登录号 | 条形码 | 馆藏地/架位号 | 状态 | 备注 |
| 1 | 750864 | 207508641 | 语言库209/209语言库 132排1列6层/ [索取号:H369.6/N083:1] | 在馆 | |
| 2 | 750865 | 207508650 | 语言库209/209语言库 132排1列6层/ [索取号:H369.6/N083:1] | 在馆 | |
| 3 | 750866 | 207508669 | 语言库209/209语言库 132排1列6层/ [索取号:H369.6/N083:1] | 在馆 |